书目信息 |
| 题名: |
微控制器原理与应用
|
|
| 作者: | 陈耀 , 徐安 编著 | |
| 分册: | ||
| 出版信息: | 北京 科学出版社 2006.09 |
|
| 页数: | 477页 | |
| 开本: | 23cm | |
| 丛书名: | ||
| 单 册: | ||
| 中图分类: | TP332.3 | |
| 科图分类: | ||
| 主题词: | 电子数字计算机 | |
| 电子资源: | ||
| ISBN: | 7-03-017811-4 | |
| 000 | 00674 nam 000241 | |
| 001 | 0100001636 | |
| 005 | 20070901110142.75 | |
| 010 | @a7-03-017811-4@dCNY39.00 | |
| 100 | @a20070804d2006 em y0chiy0121 ea | |
| 101 | @achi | |
| 102 | @aCN@b110000 | |
| 105 | @ay z 000yy | |
| 200 | 10 | @a微控制器原理与应用@9wei kong zhi qi yuan li yu ying yong@f徐安,陈耀编著@Fxu an , chen yao bian zhu |
| 210 | @a北京@c科学出版社@d2006.09 | |
| 215 | @a477页@d23cm | |
| 300 | @a高等院校教材 | |
| 606 | @a电子数字计算机 | |
| 690 | @aTP332.3@v4 | |
| 701 | 1 | @a陈耀@9chen yao@4编著 |
| 701 | 0 | @a徐安@9xu an@4编著 |
| 801 | @aCN@c20070901 | |
| 901 | @a000003 | |
| 905 | @dTP332.3@eX675 | |
| 微控制器原理与应用/徐安,陈耀编著.-北京:科学出版社,2006.09 |
| 477页;23cm |
| 高等院校教材 |
| ISBN 7-03-017811-4:CNY39.00 |
| ● |
| 相关链接 |
|
|
|
正题名:微控制器原理与应用
索取号:TP332.3/X675
 
预约/预借
| 序号 | 登录号 | 条形码 | 馆藏地/架位号 | 状态 | 备注 |
| 1 | 643378 | 206433787 | 自科库301/301自科库 61排5列1层/ [索取号:TP332.3/X675] | 在馆 | |
| 2 | 643379 | 206433796 | 自科库301/301自科库 61排5列1层/ [索取号:TP332.3/X675] | 在馆 |